|
|
|
|
| LEADER |
00718nam a22001817a 4500 |
| 008 |
140407b xxu||||| |||| 00| 0 eng d |
| 999 |
|
|
|c 6002
|d 6002
|
| 020 |
|
|
|a 9798188582432
|
| 082 |
|
|
|a 894.13
|b MOH
|
| 100 |
|
|
|a മോഹനവര്മ്മ, കെ. എല്.
|
| 240 |
|
|
|a Kochi
|
| 245 |
|
|
|a കൊച്ചി /
|c കെ. എല്. മോഹനവര്മ്മ
|
| 260 |
|
|
|a തൃശൂര് :
|b ഗ്രീന് ബുക്സ്,
|c 2005.
|
| 300 |
|
|
|a 131p.
|
| 650 |
|
|
|a Novel
|
| 700 |
|
|
|a Mohanavarma, K. L.
|
| 942 |
|
|
|2 ddc
|c BK
|
| 952 |
|
|
|0 0
|1 0
|2 ddc
|4 0
|6 894_130000000000000_MOH
|7 0
|9 8618
|a MAIN
|b MAIN
|d 2014-04-07
|e Green Books
|g 75.00
|l 1
|o 894.13 MOH
|p 9140
|r 2020-06-19
|s 2020-05-22
|t 1
|w 2014-04-07
|y BK
|